LEADER 01945nas2-2200565---4500 001 990002921150203316 005 20120124161629.0 011 $a1725-3446 035 $a000292115 035 $aUSA01000292115 035 $a(ALEPH)000292115USA01 035 $a000292115 100 $a20070510a20059999a--y0ITAy0103----ba 101 $aeng 102 $aLU 110 $aakaa---|||| 200 1 $aAnnual report. Vol.2. Financial report. EIB Group 207 $a2004- 210 $aLuxembourg$cEIB Group$d2005- 215 $av.$d30 cm 326 $aAnnuale 451 $1001000295662 461 1$1001000361492$tAnnual report. EIB Group 601 02$aBanca Europea per gli investimenti$xPeriodici 676 $a332.1534 699 $a01.08$bBanca europea per gli investimenti 710 02$aBANCA EUROPEA PER GLI INVESTIMENTI$0354181 801 0$aIT$bsalbc$gISBD 856 4 $uhttp://www.eib.org/publications/index.asp$4.$zAccesso libero online 856 4 $uhttp://www.bei.eu.int$4.$zAccesso libero online 912 $a990002921150203316 958 $aCDE$bCDE / BER 2$c2005- 959 $aSE 979 $aMARIAS$b90$c20070510$lUSA01$h1126 979 $aMARIAS$b90$c20080201$lUSA01$h1043 979 $aMARIAS$b90$c20080201$lUSA01$h1045 979 $aMARIAS$b90$c20080205$lUSA01$h1151 979 $aMARIAS$b90$c20080206$lUSA01$h0902 979 $aMARIAS$b90$c20080314$lUSA01$h0856 979 $aMARIAS$b90$c20110701$lUSA01$h1023 979 $aMARIAS$b90$c20110701$lUSA01$h1027 979 $aMARIAS$b90$c20120123$lUSA01$h1531 979 $aMARIAS$b90$c20120123$lUSA01$h1612 979 $aMARIAS$b90$c20120124$lUSA01$h1109 979 $aMARIAS$b90$c20120124$lUSA01$h1153 979 $aMARIAS$b90$c20120124$lUSA01$h1155 979 $aMARIAS$b90$c20120124$lUSA01$h1521 979 $aMARIAS$b90$c20120124$lUSA01$h1616 996 $aAnnual report. Vol.2. Financial report. EIB Group$91029914 997 $aUNISA LEADER 01194cam0-22003971i-450 001 990006626210403321 005 20260217123002.0 035 $aFED01000662621 035 $a(Aleph)000662621FED01 035 $a000662621 100 $a20010426d1977----km-y0itay50------ba 101 0 $aita 102 $aIT 105 $aa-------001yy 200 1 $aAgricoltura e demografia nel Regno di Napoli nei secoli XVIII e XIX$fGèrard Delille 210 $aNapoli$cGuida$dc1977 215 $a175 p.$cill.$d21 cm 225 1 $aStoria$esaggi e ricerche$v13 610 0 $aNapoli$aStoria 676 $a945.7 700 1$aDelille,$bGérard$f<1944- >$0375273 801 0$aIT$bUNINA$gRICA$2UNIMARC 901 $aBK 912 $a990006626210403321 952 $aCOLLEZ. 168 (13)$b4526$fFSPBC 952 $a945.708 DELG 02$bST.MED.MOD. 8819$fFLFBC 952 $aSE 25B.02.35-$b3842$fDECSE 952 $aSE 27B.02.44-$b4184$fDECSE 952 $aSE 27B.02.35-$fDECSE 952 $aE'-08-091$bIst.10958$fILFGE 959 $aFSPBC 959 $aFLFBC 959 $aDECSE 959 $aILFGE 996 $aAgricoltura e demografia nel Regno di Napoli nei secoli XVIII e XIX$9614067 997 $aUNINA